La psicología de la forma
Saved in:
| Main Author: | |
|---|---|
| Format: | Book |
| Language: | Spanish |
| Published: |
Buenos Aires
Argos
1951
|
| Edition: | 2a. ed |
| Series: | Biblioteca Argos
|
| Subjects: | |
| Tags: |
Add Tag
No Tags, Be the first to tag this record!
|
MARC
| LEADER | 00000nam a2200000 a 4500 | ||
|---|---|---|---|
| 001 | UCY6080 | ||
| 003 | CL-VaPUC | ||
| 008 | 950521e19510000AG |||||||||||||||||spa|d | ||
| 082 | 0 | 4 | |a 150.1982 |b GUI |2 21 |
| 100 | |a Guillaume, Paul |e author |9 346793 | ||
| 245 | 1 | 3 | |a La psicología de la forma |
| 250 | |a 2a. ed | ||
| 300 | |a 252 p | ||
| 942 | |c BK | ||
| 945 | |d 19950521 00:00:00 |a mfernand | ||
| 260 | |a Buenos Aires |b Argos |c 1951 | ||
| 650 | 7 | |a PSICOLOGIA GESTALTICA |2 CL-VaPUC |9 306251 | |
| 650 | 0 | |a Percepción |9 266750 | |
| 650 | 7 | |a PSICOLOGIA DE LOS PROCESOS SENSORIALES |2 CL-VaPUC |9 335695 | |
| 583 | |a last modification |c 20130101 09:09:17 |k Rodrigo Vera | ||
| 490 | 0 | |a Biblioteca Argos | |
| 999 | |c 233663 |d 233661 | ||
| 952 | |0 0 |1 0 |4 0 |6 150_198200000000000_GUI_1951 |7 0 |8 P |9 239331 |a BIBEDU |b BIBEDU |c BIBEDU_PB |d 2019-11-18 |i 1505785 |o 150.1982 GUI 1951 |p 1505785 |r 2024-01-25 |w 2019-11-18 |y BK |k EDU | ||